Közgyűlési határozat megtámadása
Elmentve itt :
| Dokumentumtípus: | Cikk |
|---|---|
| Megjelent: |
1925
|
| Sorozat: | Polgári jog : a hazai és külföldi magánjog és hiteljog szemléje
1 |
| Kulcsszavak: | Gazdasági jog részvénytársaság joggyakorlat |
| Online Access: | http://misc.bibl.u-szeged.hu/3863 |
| LEADER | 00580nab a2200157 i 4500 | ||
|---|---|---|---|
| 001 | misc3863 | ||
| 005 | 20191106143123.0 | ||
| 008 | 170607s1925 hu o 0|| hun d | ||
| 040 | |a SZTE Miscellanea Repozitórium |b hun | ||
| 041 | |a hun | ||
| 245 | 0 | 0 | |a Közgyűlési határozat megtámadása |h [elektronikus dokumentum] |
| 260 | |c 1925 | ||
| 300 | |a 175a | ||
| 490 | 0 | |a Polgári jog : a hazai és külföldi magánjog és hiteljog szemléje |v 1 | |
| 695 | |a Gazdasági jog részvénytársaság joggyakorlat | ||
| 856 | 4 | 0 | |u http://misc.bibl.u-szeged.hu/3863/1/polgari_jog_1925_175a.pdf |z Dokumentum-elérés |